000 00546nam a2200217Ia 4500
003 OSt
005 20220926040228.0
006 a|||||r|||| 00| 0
007 ta
008 220923b |||||||| |||| 00| 0 eng d
037 _cGeneral Book
040 _aRTL
_cRTL
_beng
041 _2eng
_aeng
082 _aX:31:1:N6, H2-;1
100 _aClark Colin
_9122958
245 0 _aEconomics of 1960
260 _c1942
650 _aNational Income
942 _hX:31:1:N6, H2-;1
_cGB
_2CC
999 _c664216
_d664216